Código Sanitario: edición oficial, aprobada por Decreto N§ 840, de 20 de septiembre de 2002, del Ministerio de Justicia
Gardado en:
| Formato: | Libro |
|---|---|
| Idioma: | Lingua castelá |
| Publicado: |
Santiago
Jurídica de Chile
2002
|
| Edición: | 10a. ed |
| Subjects: | |
| Tags: |
Engadir etiqueta
Sen Etiquetas, Sexa o primeiro en etiquetar este rexistro!
|
MARC
| LEADER | 00000nam a2200000 a 4500 | ||
|---|---|---|---|
| 001 | UCM7704 | ||
| 003 | CL-VaPUC | ||
| 008 | 030110e20021100CL |||||||||||||||||spa|d | ||
| 082 | 0 | 4 | |a 344.8304 |b COD |2 21 |
| 245 | 1 | 0 | |a Código Sanitario: edición oficial, aprobada por Decreto N§ 840, de 20 de septiembre de 2002, del Ministerio de Justicia |
| 250 | |a 10a. ed | ||
| 300 | |a 392 p | ||
| 942 | |c BK | ||
| 945 | |d 20030110 00:00:00 |a vberengu | ||
| 260 | |a Santiago |b Jurídica de Chile |c 2002 | ||
| 500 | |a Apéndice actualizado a octubre de 2002 | ||
| 650 | 0 | |a Código sanitario |9 387494 | |
| 650 | 0 | |a Legislación sanitaria |9 345887 | |
| 650 | 0 | |a Salud pública |9 258913 | |
| 650 | 7 | |a SERVICIOS SANITARIOS |2 CL-VaPUC |9 359723 | |
| 651 | 7 | |a CHILE |2 CL-VaPUC |9 473323 | |
| 583 | |a last modification |c 20111014 11:53:51 |k Rodrigo Vera | ||
| 999 | |c 302389 |d 302387 | ||
| 952 | |0 0 |1 0 |2 ddc |4 0 |6 344_830400000000000_COD_2002 |7 0 |8 FOND_LRYV |9 362883 |a BIBDER |b BIBDER |d 2019-11-21 |i 3877213 |o 344.8304 COD 2002 |p 3877213 |r 2023-01-25 |w 2019-11-21 |y BK_X |k DER | ||
| 952 | |0 0 |1 0 |2 ddc |4 0 |6 344_830400000000000_COD_2002 |7 0 |8 FOND_LRYV |9 362884 |a BIBDER |b BIBDER |d 2019-11-21 |i 3877221 |o 344.8304 COD 2002 |p 3877221 |r 2023-01-25 |w 2019-11-21 |y BK_X |k DER | ||